[Event "NZL-ch Rapid op 132nd"]
[Site "Wellington"]
[Date "2025.01.12"]
[Round "6"]
[White "Nagy, Gabor"]
[Black "Stark, John"]
[Result "1-0"]
[WhiteElo "2469"]
[BlackElo "2031"]
[PlyCount "61"]
[EventDate "2025.01.11"]
[EventType "swiss (rapid)"]
[EventRounds "9"]
[EventCountry "NZL"]
[SourceTitle "CB03_2025"]
[SourceDate "2025.01.15"]
[SourceVersion "1"]
[SourceVersionDate "2025.01.15"]
[SourceQuality "1"]

1. c4 e5 2. g3 Nf6 3. Bg2 c6 4. Nf3 d6 5. Nc3 Be7 6. 0-0 Qc7 7. d4 0-0 8. e4 a5 9. h3 Na6 10. Be3 Be6 11. b3 Rad8 12. Rc1 Qb8 13. Re1 b5 14. d5 cxd5 15. cxb5 dxe4 16. bxa6 exf3 17. a7 Qb7 18. Bxf3 d5 19. Bg2 Qa6 20. Na4 d4 21. Bd2 Qxa7 22. Rxe5 Bb4 23. Nc5 Bd5 24. Bxd5 Nxd5 25. Bxb4 Nxb4 26. a3 Na2 27. Rc4 Nc3 28. Qd3 Rfe8 29. Rxd4 Qa8 30. Rxe8+ Rxe8 31. Qxc3 1-0

[Event "NZL-ch Rapid op 132nd"]
[Site "Wellington"]
[Date "2025.01.12"]
[Round "7"]
[White "Stark, John"]
[Black "Dive, Russell John"]
[Result "0-1"]
[WhiteElo "2031"]
[BlackElo "2197"]
[PlyCount "92"]
[EventDate "2025.01.11"]
[EventType "swiss (rapid)"]
[EventRounds "9"]
[EventCountry "NZL"]
[SourceTitle "CB03_2025"]
[SourceDate "2025.01.15"]
[SourceVersion "1"]
[SourceVersionDate "2025.01.15"]
[SourceQuality "1"]

1. Nf3 Nf6 2. g3 d5 3. Bg2 c6 4. 0-0 Bf5 5. d4 e6 6. b3 h6 7. Bb2 Be7 8. Nbd2 0-0 9. Ne5 a5 10. a3 Na6 11. Ndf3 Nc7 12. h3 Bh7 13. c4 a4 14. b4 dxc4 15. Nxc4 Nb5 16. Rc1 Be4 17. Na5 Rxa5 18. bxa5 Qxa5 19. Nd2 Bxg2 20. Nc4 Qa7 21. Kxg2 Rd8 22. e3 c5 23. Qe2 cxd4 24. exd4 Nxd4 25. Qe5 Nc6 26. Qb5 Rd5 27. Qb6 Qa8 28. Rfd1 Bd8 29. Qe3 b5 30. Rxd5 Nxd5 31. Qf3 bxc4 32. Rxc4 Qb7 33. Kg1 Qb5 34. Rc2 Be7 35. Kh2 Bf8 36. Qe4 Nce7 37. Qc4 Qd7 38. Be5 h5 39. Rd2 Ng6 40. Bb2 h4 41. Rd4 hxg3+ 42. fxg3 Qb7 43. Rd2 Bd6 44. Qxa4 Ne3 45. Qe8+ Bf8 46. Qa4 Nf1+ 0-1

[Event "NZL-ch Rapid op 132nd"]
[Site "Wellington"]
[Date "2025.01.11"]
[Round "3"]
[White "Riding, Christopher"]
[Black "Stark, John"]
[Result "0-1"]
[WhiteElo "1841"]
[BlackElo "2031"]
[PlyCount "86"]
[EventDate "2025.01.11"]
[EventType "swiss (rapid)"]
[EventRounds "9"]
[EventCountry "NZL"]
[SourceTitle "CB03_2025"]
[SourceDate "2025.01.15"]
[SourceVersion "1"]
[SourceVersionDate "2025.01.15"]
[SourceQuality "1"]

1. f4 c5 2. Nf3 b6 3. e3 Bb7 4. b3 d6 5. Bb2 Nd7 6. Be2 Ngf6 7. Nc3 g6 8. 0-0 Bg7 9. Qe1 0-0 10. Rb1 a6 11. a4 e5 12. fxe5 dxe5 13. Ng5 h6 14. Bf3 Bxf3 15. Nxf3 e4 16. Nh4 Ne5 17. Ne2 Re8 18. Bxe5 Rxe5 19. Rd1 Qd7 20. d4 exd3 21. Rxd3 Qe7 22. Nc3 Re8 23. Qf2 Ng4 24. Qg3 Nxe3 25. Rf2 Nxc2 26. Nf3 Ne1 27. Nd5 Nxf3+ 28. gxf3 Qb7 29. Qf4 Rxd5 30. Rfd2 Bd4+ 31. Kf1 Rf5 32. Qg4 Qe7 33. Kg2 Rg5 34. Qxg5 Qxg5+ 35. Kh3 Re5 36. Rg2 Qh5+ 37. Kg3 Rg5+ 38. Kf4 Rf5+ 39. Ke4 Re5+ 40. Kf4 Qh4+ 41. Rg4 Qxh2+ 42. Rg3 g5+ 43. Kg4 f5# 0-1

[Event "Bodensee op"]
[Site "Bregenz"]
[Date "2024.05.08"]
[Round "5"]
[White "Stark, John"]
[Black "Cafasso, Elia"]
[Result "1-0"]
[WhiteElo "1954"]
[BlackElo "2178"]
[PlyCount "121"]
[EventDate "2024.05.04"]
[EventType "swiss"]
[EventRounds "9"]
[EventCountry "AUT"]
[SourceTitle "CBM 220 Extra"]
[Source "ChessBase"]
[SourceDate "2024.07.31"]
[SourceVersion "1"]
[SourceVersionDate "2024.07.31"]
[SourceQuality "1"]

1. d4 Nf6 2. c4 e6 3. Nc3 d5 4. cxd5 exd5 5. Bg5 Nbd7 6. e3 c6 7. Bd3 Be7 8. Qc2 0-0 9. Nge2 Re8 10. 0-0 h6 11. Bh4 Nh5 12. Bxe7 Qxe7 13. a4 Qh4 14. Bh7+ Kh8 15. Bf5 g6 16. g3 Qf6 17. Bg4 Ng7 18. e4 dxe4 19. Nxe4 Qe7 20. Bf3 Nf6 21. Nc5 Bh3 22. Rfd1 Nf5 23. Qc1 g5 24. Nb3 Rad8 25. a5 a6 26. Qc5 Qd7 27. Nc3 Ne7 28. Re1 Ned5 29. Re5 Ng4 30. Rxe8+ Qxe8 31. Nxd5 cxd5 32. Qb6 Qe7 33. Bxg4 Rd6 34. Qxd6 Qxd6 35. Bxh3 Qb4 36. Nc5 Qxd4 37. Rc1 Qxb2 38. Nd3 Qd2 39. Bf5 Qxa5 40. Rc5 Qa2 41. Kg2 Kg7 42. Rc7 Kf6 43. g4 h5 44. h3 hxg4 45. hxg4 b5 46. Nb4 Qa5 47. Nxd5+ Ke5 48. Rd7 Qd2 49. Ne3 Qa2 50. Bh7 a5 51. Bg8 Kf6 52. Nd5+ Ke6 53. Rxf7 Qxd5+ 54. Rf3+ Ke5 55. Bxd5 Kxd5 56. Kf1 a4 57. Ke1 b4 58. Kd1 a3 59. Kc2 Kc4 60. Kb1 b3 61. Rf5 1-0

[Event "Titled Tuesday intern op 12th Dec Late"]
[Site "Chess.com INT"]
[Date "2023.12.12"]
[Round "1"]
[White "Stark, John"]
[Black "Aldokhin, Ivan"]
[Result "0-1"]
[WhiteElo "1911"]
[BlackElo "2413"]
[PlyCount "39"]
[EventDate "2023.12.12"]
[EventType "swiss (blitz)"]
[EventRounds "11"]
[EventCountry "USA"]
[SourceTitle "EXT 2025"]
[Source "ChessBase"]
[SourceDate "2024.10.14"]
[SourceVersion "1"]
[SourceVersionDate "2024.10.14"]
[SourceQuality "1"]

1. c4 Nf6 2. g3 g6 3. Bg2 Bg7 4. Nc3 0-0 5. e3 d6 6. Nge2 e5 7. d4 Nc6 8. 0-0 Bf5 9. e4 Bd7 10. d5 Ne7 11. f4 Ne8 12. fxe5 Bxe5 13. Bh6 Ng7 14. Qd2 f5 15. exf5 Nexf5 16. Bg5 Qe8 17. Kh1 Rf7 18. Rae1 Qf8 19. Ne4 Re8 20. N2c3 0-1

[Event "Titled Tuesday intern op 10th Oct Late"]
[Site "Chess.com INT"]
[Date "2023.10.10"]
[Round "7"]
[White "Ahmad, Khagan"]
[Black "Stark, John"]
[Result "0-1"]
[WhiteElo "2304"]
[BlackElo "1924"]
[PlyCount "62"]
[EventDate "2023.10.10"]
[EventType "swiss (blitz)"]
[EventRounds "11"]
[EventCountry "USA"]
[SourceTitle "EXT 2025"]
[Source "ChessBase"]
[SourceDate "2024.10.14"]
[SourceVersion "1"]
[SourceVersionDate "2024.10.14"]
[SourceQuality "1"]

1. Nf3 Nf6 2. c4 c5 3. Nc3 Nc6 4. g3 g6 5. Bg2 Bg7 6. d4 cxd4 7. Nxd4 0-0 8. 0-0 Nxd4 9. Qxd4 d6 10. Qd3 Be6 11. b3 Rb8 12. Bb2 a6 13. a4 Qa5 14. e4 Rfc8 15. Rab1 Qh5 16. Nd5 Nxd5 17. exd5 Bf5 18. Be4 Bxb2 19. Rxb2 Bh3 20. Re1 b5 21. cxb5 axb5 22. Bf3 Qg5 23. axb5 Qf6 24. Qe2 Rc5 25. Ra2 Rcxb5 26. Bg2 Bxg2 27. Kxg2 Rxb3 28. Qxe7 Qf3+ 29. Kg1 Rb1 30. Rae2 R8b5 31. Qd8+ Kg7 0-1

[Event "Titled Tuesday intern op 10th Oct Late"]
[Site "Chess.com INT"]
[Date "2023.10.10"]
[Round "4"]
[White "Rustemov, Alexander"]
[Black "Stark, John"]
[Result "1/2-1/2"]
[WhiteElo "2525"]
[BlackElo "1924"]
[PlyCount "75"]
[EventDate "2023.10.10"]
[EventType "swiss (blitz)"]
[EventRounds "11"]
[EventCountry "USA"]
[SourceTitle "EXT 2025"]
[Source "ChessBase"]
[SourceDate "2024.10.14"]
[SourceVersion "1"]
[SourceVersionDate "2024.10.14"]
[SourceQuality "1"]

1. d4 Nf6 2. c4 e6 3. Nf3 b6 4. a3 Ba6 5. Qc2 c5 6. d5 exd5 7. cxd5 Bb7 8. e4 a6 9. Nc3 d6 10. a4 Nbd7 11. Bd3 g6 12. 0-0 Bg7 13. Bf4 Qe7 14. h3 Nh5 15. Bh2 0-0 16. Rfe1 Ne5 17. Be2 Rae8 18. Nxe5 Bxe5 19. Bxh5 Bxh2+ 20. Kxh2 Qe5+ 21. Kg1 Qxh5 22. Qb3 Re7 23. Qxb6 Qe5 24. Re3 Bc8 25. Qb3 Rb7 26. Qc2 Rb4 27. Re2 a5 28. Nb5 Ba6 29. Qc3 Rxa4 30. Rxa4 Bxb5 31. Qc2 Bxa4 32. Qxa4 Rb8 33. Qxa5 Rb4 34. g3 Kg7 35. Qd8 Rd4 36. Qh4 Rxd5 37. Qf4 Rd1+ 38. Kg2 1/2-1/2

[Event "Titled Tuesday intern op 10th Oct Late"]
[Site "Chess.com INT"]
[Date "2023.10.10"]
[Round "1"]
[White "Stark, John"]
[Black "Ostrovskiy, Aleksandr A"]
[Result "1-0"]
[WhiteElo "1924"]
[BlackElo "2385"]
[PlyCount "55"]
[EventDate "2023.10.10"]
[EventType "swiss (blitz)"]
[EventRounds "11"]
[EventCountry "USA"]
[SourceTitle "EXT 2025"]
[Source "ChessBase"]
[SourceDate "2024.10.14"]
[SourceVersion "1"]
[SourceVersionDate "2024.10.14"]
[SourceQuality "1"]

1. c4 b6 2. e4 Bb7 3. Bd3 e5 4. a3 a5 5. Nc3 Nc6 6. Nge2 Bc5 7. 0-0 Nge7 8. Bc2 0-0 9. Rb1 d6 10. Nb5 f5 11. exf5 Nxf5 12. Be4 Kh8 13. b4 axb4 14. axb4 Bd4 15. Nexd4 exd4 16. Qh5 g6 17. Qh3 Ra4 18. g4 Nfe7 19. d3 Qc8 20. Bg5 Rf7 21. Qh4 Kg8 22. f4 Ra2 23. f5 gxf5 24. gxf5 Nxf5 25. Qh3 Nce7 26. Qh5 Rg7 27. Bxb7 Qe6 28. Qe8# 1-0

[Event "Titled Tuesday intern op 10th Oct Late"]
[Site "Chess.com INT"]
[Date "2023.10.10"]
[Round "3"]
[White "Stark, John"]
[Black "Vazquez, Facundo"]
[Result "1-0"]
[WhiteElo "1924"]
[BlackElo "2407"]
[PlyCount "89"]
[EventDate "2023.10.10"]
[EventType "swiss (blitz)"]
[EventRounds "11"]
[EventCountry "USA"]
[SourceTitle "EXT 2025"]
[Source "ChessBase"]
[SourceDate "2024.10.14"]
[SourceVersion "1"]
[SourceVersionDate "2024.10.14"]
[SourceQuality "1"]

1. c4 e5 2. f4 exf4 3. e4 fxe3 4. d4 Nf6 5. Bxe3 Bb4+ 6. Nd2 0-0 7. Bg5 Re8+ 8. Be2 d5 9. c5 Nc6 10. Ngf3 Qe7 11. Kf1 h6 12. Bf4 Ng4 13. Nb3 Qf6 14. Qc1 Rxe2 15. Kxe2 b6 16. Kf1 Ba6+ 17. Kg1 bxc5 18. h3 c4 19. a3 Be7 20. hxg4 cxb3 21. g5 Qg6 22. gxh6 Be2 23. Ne5 Nxe5 24. Bxe5 Bf3 25. Qf1 Bh5 26. hxg7 Bg5 27. Qf3 f6 28. Qxh5 Be3+ 29. Kf1 Qd3+ 30. Qe2 Qf5+ 31. Ke1 fxe5 32. Rh8+ Kxg7 33. Rxa8 exd4 34. Rd1 Qg5 35. Qf3 Bf4 36. Re8 Bg3+ 37. Kf1 Bd6 38. Re2 Qh4 39. Rf2 d3 40. Rxd3 Qh1+ 41. Ke2 Qb1 42. Qf7+ Kh6 43. Rf6+ Kg5 44. Qg6+ Kh4 45. Rh3# 1-0

[Event "Titled Tuesday intern op 03rd Oct Late"]
[Site "Chess.com INT"]
[Date "2023.10.03"]
[Round "3"]
[White "Stark, John"]
[Black "Karamsetty, Jeevan"]
[Result "0-1"]
[WhiteElo "1924"]
[BlackElo "2300"]
[PlyCount "90"]
[EventDate "2023.10.03"]
[EventType "swiss (blitz)"]
[EventRounds "11"]
[EventCountry "USA"]
[SourceTitle "EXT 2025"]
[Source "ChessBase"]
[SourceDate "2024.10.14"]
[SourceVersion "1"]
[SourceVersionDate "2024.10.14"]
[SourceQuality "1"]

1. c4 c5 2. Nc3 Nc6 3. g3 b6 4. Bg2 Bb7 5. Nf3 Nf6 6. 0-0 e6 7. d4 Nxd4 8. Nxd4 Bxg2 9. Nxe6 fxe6 10. Kxg2 d5 11. Bg5 d4 12. Ne4 Be7 13. Bxf6 Bxf6 14. Qd3 0-0 15. Rad1 e5 16. f3 Qd7 17. b3 Rae8 18. a4 Bd8 19. Nc3 Re6 20. Nd5 Rh6 21. g4 Bg5 22. Qe4 Qd6 23. h3 Rh4 24. e3 h5 25. exd4 cxd4 26. Rde1 Qh6 27. Rh1 Re8 28. Qf5 Bf6 29. Re2 Rf8 30. Qe6+ Kh8 31. Nxf6 gxf6 32. Rxe5 hxg4 33. fxg4 fxe5 34. Qxe5+ Qg7 35. Qxg7+ Kxg7 36. Rd1 Rd8 37. Kg3 Rh6 38. Rd3 Re6 39. Kf4 Rf8+ 40. Kg5 Re5+ 41. Kh4 Rd8 42. g5 Re3 43. Rd2 d3 44. Kg4 Re2 45. Rd1 d2 0-1

[Event "Titled Tuesday intern op 03rd Oct Late"]
[Site "Chess.com INT"]
[Date "2023.10.03"]
[Round "4"]
[White "Toniutti, Ezio"]
[Black "Stark, John"]
[Result "0-1"]
[WhiteElo "2184"]
[BlackElo "1924"]
[PlyCount "114"]
[EventDate "2023.10.03"]
[EventType "swiss (blitz)"]
[EventRounds "11"]
[EventCountry "USA"]
[SourceTitle "EXT 2025"]
[Source "ChessBase"]
[SourceDate "2024.10.14"]
[SourceVersion "1"]
[SourceVersionDate "2024.10.14"]
[SourceQuality "1"]

1. d4 Nf6 2. c4 e6 3. g3 d5 4. Nf3 c5 5. cxd5 Nxd5 6. Bg2 cxd4 7. 0-0 Bc5 8. Nbd2 Nc6 9. Nb3 Bb6 10. Nfxd4 Nxd4 11. Nxd4 0-0 12. Nf3 Bd7 13. Bg5 f6 14. Bd2 Bc6 15. Rc1 Kh8 16. Qb3 Qd7 17. Rfd1 Ba4 18. Qa3 Bxd1 19. Rxd1 Rfd8 20. e3 Rac8 21. Ne1 Ne7 22. Bf3 Nc6 23. Kg2 Qe7 24. Qb3 Ne5 25. Be2 Qc7 26. Qxe6 Qc6+ 27. Qxc6 Rxc6 28. Bc3 Rxd1 29. Bxd1 Rd6 30. Bc2 Nc6 31. Nd3 Ne7 32. Kf3 Nd5 33. Bd2 a5 34. Ke2 Rc6 35. Bb3 Rd6 36. a3 Nc7 37. Bc3 Nd5 38. Bd2 h6 39. h4 Kh7 40. Bc2 Kh8 41. Bb3 Ne7 42. Nf4 g5 43. hxg5 hxg5 44. Nd3 Kg7 45. Bc3 Nd5 46. Bd2 Bc7 47. f4 gxf4 48. gxf4 b5 49. a4 b4 50. Nc5 Bb6 51. Ne4 Rd8 52. Be1 Nxe3 53. Bh4 Rf8 54. Kf3 Nf5 55. Be1 Rc8 56. Bd2 Nd4+ 57. Kg4 Nxb3 0-1